000 00404nam a2200121 4500
082 _a628.53BHA
100 _aBhatia, H.S.
245 _aA Text Book of Environmental Pollution and Control
260 _aNew Delhi:
_bKhanna Publishers,
_c2001.
300 _a1133p. ;
856 _uhttp://books.google.com.pk/books/about/A_Text_Book_of_Environmental_Pollution_a.html?id=7PBkPgAACAAJ&redir_esc=y
942 _cBK
999 _c10898
_d10898